| 000 | 00758nam a2200205 i 4500 | ||
|---|---|---|---|
| 001 | 124864 | ||
| 003 | ES-MaACL | ||
| 005 | 20230906192519.0 | ||
| 007 | t| | ||
| 008 | 070423s1932 sp ||||1| spa d | ||
| 245 | 0 | 0 | _aResumen de legislación extranjera sobre Seguro de Enfermedad. |
| 260 |
_aMadrid : _b[s.n.], _c1932 ( _fSobrinos de la Suc. de M. Minuesa de los Ríos) |
||
| 300 |
_a150 p. ; _c21 cm. |
||
| 490 | 1 |
_aPublicaciones del Instituto Nacional de Previsión ; _v349 |
|
| 500 | _aPrecede al tít.: Unificación de los Seguros sociales. | ||
| 710 | 2 |
_aInstituto Nacional de Previsión (España) _95180 |
|
| 830 | 0 |
_aPublicaciones del Instituto Nacional de Previsión ; _v349 _9181151 |
|
| 852 |
_aES-MaACL _jC-12658(1) |
||
| 999 |
_c124864 _d124864 |
||